Kluby, które nie spadły z Serie A od 10 lat - Statystyki

Ogólne statystyki
  • Ten quiz został rozwiązany 63 razy
    51 od ostatniego zresetowania
  • Średni wynik to 8 z 11
Statystyki odpowiedzi
Ostatni sezon bez nich Klub % Poprawnych
1982/1983 AC Milan
98%
2006/2007 Juventus
96%
Od zawsze w lidze Inter Mediolan
92%
2006/2007 SSC Napoli
90%
1951/1952 AS Roma
88%
2003/2004 ACF Fiorentina
80%
2010/2011 Atalanta
78%
1987/1988 Lazio Rzym
67%
2011/2012 Torino
67%
2014/2015 Bologna
57%
1994/1995 Udinese
29%
Nie znaleziono quizów pasujących do podanych kryteriów
Rozkład punktacji
Procent ludzi z każdym wynikiem
Percentyl według liczby udzielonych odpowiedzi
Twoja historia wyników
Nie rozwiązałeś tego quizu od ostatniego zresetowania